00766 2200193 4500245005900000020002200059250001200081100002300093700001700116700001300133650001700146005001900163260003200182041001400214084001000228300002700238500029800265336000900563 aPerbaiki Diri, Perbarui HaticA.R. Shohibul UlumhText a978-623-7046-09-7 aCet. 14 aA.R. Shohibul Ulum aZhivana A.U. aMas Adro aAkhlak Mulia a20241016141232 aYogyakartabChecklistc2024 aIndonesia a297.5 axvi, 280 hlm. :cilus. aBuku ini mengajak kita untuk melakukan dan membiasakan muhasabah. Dengan rutin muhasabah, hati akan terjaga dari kelalaian, mulut terhindar dari mengucapkan keburukan, dan diri kita akan terpelihara dari segala maksiat dan kemungkaran, bahkan kita pun akan memperoleh banyak manfaat muhasabah. atext